ბათუმის შოთა რუსთაველის სახელმწიფო უნივერსიტეტის ბიბლიოთეკა

აზოტის ოქსიდითა და კალციტონინის გენთან დაკავშირებული პეპტიდით გამოწვეული მიკროცირკულაციის ცვლილებების ფარმაკოლოგიური მოდულაციის მექანიზმები კაპსაიცინით ინდუცირებული ნეიროგენური ანთების დროს: (ბიბ.ჩანაწერი № 52605)

000 -ლიდერი
ფიქსირებული სიგრძის საკონტროლო ველი 02452nam a2200253Ia 4500
001 - საკონტროლო ნომერი
საკონტროლო ველი 19629
003 - საკონტროლო ნომრის იდენტიფიკატორი
საკონტროლო ველი GE_BSU
005 - ბოლო ოპერაციის თარიღი და დრო
საკონტროლო ველი 20210330131532.0
008 - ფიქსირებული სიგრძის მონაცემთა ელემენტები - ზოგადი ინფორმაცია
ფიქსირებული სიგრძის საკონტროლო ველი 181216s2016||||ge |||||||||||||| ||geo||
040 ## - კატალოგიზაციის წყარო
Transcribing agency GE_BSU
041 ## - ენის კოდი
Language code of text/sound track or separate title geo
080 ## - უნივერსალური ათობითი კლასიფიკაციის ინდექსი
Universal Decimal Classification number 61 ბ-29
100 ## - მთავარი ჩანაწერი - პიროვნების სახელი
Personal name ბასილაძე, თამარ
9 (RLIN) 10841
245 ## - ცნობა სათაურის შესახებ
Title აზოტის ოქსიდითა და კალციტონინის გენთან დაკავშირებული პეპტიდით გამოწვეული მიკროცირკულაციის ცვლილებების ფარმაკოლოგიური მოდულაციის მექანიზმები კაპსაიცინით ინდუცირებული ნეიროგენური ანთების დროს:
Remainder of title (ექსპერიმენტალური კვლევა ვირთაგვებზე) /
Statement of responsibility, etc თამარ ბასილაძე; სამეცნიერო ხელმძღვანელი ნიკოლოზ გონგაძე, გურამ ბექაია; თბილისის სახელმწიფო უნივერსიტეტი.
264 ## - წარმოების, გამოცემის, დისტრიბუციის და სხვა ცნობები
გამოცემის, წარმოების, დისტრიბუციის... ადგილი თბილისი,
გამოცემის, წარმოების, დისტრიბუციის... თარიღი 2016
300 ## - ფიზიკური აღწერა
Extent 131გვ.;
Other physical details ცხრ.დიაგრამები,
Dimensions 30 სმ.
653 ## - INDEX TERM--UNCONTROLLED
Uncontrolled term დისერტაცია
653 ## - INDEX TERM--UNCONTROLLED
Uncontrolled term მედიცინა
653 ## - INDEX TERM--UNCONTROLLED
Uncontrolled term აზოტის ოქსიდითა და კალციტონინის გენთან დაკავშირებული პეპტიდით გამოწვეული მიკროცირკულაციის ცვლილებების ფარმაკოლოგიური მოდულაციის მექანიზმები კაპსაიცინით ინდუცირებული ნეიროგენური ანთების დროს
700 ## - ADDED ENTRY--PERSONAL NAME
Personal name გონგაძე, ნიკოლოზ
Relator term სამეცნიერო ხელმძღვანელი
9 (RLIN) 3187
700 ## - ADDED ENTRY--PERSONAL NAME
Personal name ბექაია, გურამ
Relator term სამეცნიერო ხელმძღვანელი
9 (RLIN) 1690
710 ## - ADDED ENTRY--CORPORATE NAME
Corporate name or jurisdiction name as entry element თბილისის სახელმწიფო სამედიცინო უნივერსიტეტი
9 (RLIN) 9697
942 ## - ADDED ENTRY ELEMENTS (KOHA)
Koha item type წიგნი
Source of classification or shelving scheme
ეგზემპლარები
ჩამოწერის სტატუსი დაკარგული ეგზემპლარის სტატუსი კლასიფიკაციის წყარო ან თაროზე გაწყობის სქემა დაზიანების სტატუსი არ გაიცემა მუდმივი მდებარეობა (დაცვის ადგილი) ამჟამინდელი ადგილსამყოფელი თაროზე განთავსების ადგილი შეძენის თარიღი სრული შენახვის შიფრი შტრიხკოდი ბოლო ოპერაციის თარიღი ეგზემპლარის მიმდევრობითი ნომერი (კეტერი?) ფასის ძალაში შესვლის თარიღი ეგზემპლარის სახეობა
          ბათუმის შოთა რუსთაველის სახელმწიფო უნივერსიტეტის მთავარი ბიბლიოთეკა ბათუმის შოთა რუსთაველის სახელმწიფო უნივერსიტეტის მთავარი ბიბლიოთეკა წიგნსაცავი 2018-12-17 61 ბ-29 266 დისერტაცია 2018-12-17 266 2018-12-17 დისერტაცია